[Event "Plovdiv Bulgarian op 37th"]
[Site "Plovdiv"]
[Date "2015.02.03"]
[Round "4"]
[White "Tanev, Rumen"]
[Black "Rusev, Krasimir"]
[Result "0-1"]
[WhiteElo "2285"]
[BlackElo "2536"]
[PlyCount "70"]
[EventDate "2015.02.01"]
[EventType "swiss"]
[EventRounds "9"]
[EventCountry "BUL"]
[SourceTitle "CBM 164 Extra"]
[Source "ChessBase"]
[SourceDate "2015.03.02"]
[SourceVersion "1"]
[SourceVersionDate "2015.03.02"]
[SourceQuality "1"]

1. e4 e5 2. Nf3 d6 3. d4 exd4 4. Nxd4 Nf6 5. Nc3 Be7 6. Be2 0-0 7. 0-0 Re8 8. b3 Bf8 9. Bf3 Nbd7 10. Bb2 c6 11. a4 a5 12. Qd2 Ne5 13. Be2 Qb6 14. h3 Ng6 15. Rad1 Nxe4 16. Nxe4 Rxe4 17. Bf3 Re8 18. Qg5 h6 19. Qg3 Qc5 20. Rfe1 Bd7 21. h4 d5 22. Bg4 Bd6 23. Qh3 Rxe1+ 24. Rxe1 Be5 25. Rxe5 Bxg4 26. Qxg4 Nxe5 27. Qg3 Re8 28. h5 Qe7 29. f4 Nd7 30. Kh2 Qe1 31. Qh3 Nf6 32. Nf5 Qf2 33. Be5 Rxe5 34. fxe5 Qf4+ 35. Kh1 Ng4 0-1

[Event "Plovdiv Tringov Memorial 36th"]
[Site "Plovdiv"]
[Date "2014.02.09"]
[Round "9"]
[White "Tanev, Rumen"]
[Black "Danov, Lyubomir"]
[Result "0-1"]
[WhiteElo "2320"]
[BlackElo "2226"]
[PlyCount "46"]
[EventDate "2014.02.02"]
[EventType "swiss"]
[EventRounds "9"]
[EventCountry "BUL"]
[SourceTitle "CBM 158 Extra"]
[Source "ChessBase"]
[SourceDate "2014.02.28"]
[SourceVersion "1"]
[SourceVersionDate "2014.02.28"]
[SourceQuality "1"]

1. e4 g6 2. d4 Bg7 3. Nc3 c6 4. Be3 Qb6 5. Na4 Qa5+ 6. Nc3 Qb6 7. Na4 Qc7 8. Qd2 d6 9. 0-0-0 Nd7 10. Be2 Ngf6 11. f3 b5 12. Nc3 h5 13. Bd3 a6 14. Re1 c5 15. Be2 Bb7 16. Nh3 cxd4 17. Qxd4 0-0 18. Kb1 Nxe4 19. Qd3 Nxc3+ 20. bxc3 Ne5 21. Qd2 Nc4 22. Bxc4 Qxc4 23. Rc1 Bxc3 0-1